000
00320nam a2200133Ia 4500
008
260604s9999 xx 000 0 und d
020
_a
9780241451946
082
_a
808.3 BRY
100
_a
BRYSON, BILL
_9
35287
245
0
_a
A REALLY SHORT HISTORY OF NEARLY EVERYTHING
260
_b
PEN
500
_a
Bryson
942
_c
BK
999
_c
8056
_d
8056